Authorware models for instructional design : (Record no. 7158)
[ view plain ]
| 000 -LEADER | |
|---|---|
| fixed length control field | 00630nam a22001817a 4500 |
| 008 - FIXED-LENGTH DATA ELEMENTS--GENERAL INFORMATION | |
| fixed length control field | 170804b xxu||||| |||| 00| 0 eng d |
| 020 ## - INTERNATIONAL STANDARD BOOK NUMBER | |
| International Standard Book Number | 0-13-320235-6 |
| 082 ## - DEWEY DECIMAL CLASSIFICATION NUMBER | |
| Edition number | 1995 |
| Classification number | DC 371.334 |
| Item number | Al5 |
| 100 ## - MAIN ENTRY--PERSONAL NAME | |
| 9 (RLIN) | 21621 |
| Personal name | Allen, Michael W., 1946- |
| 245 ## - TITLE STATEMENT | |
| Title | Authorware models for instructional design : |
| Remainder of title | for Windows/ |
| Statement of responsibility, etc. | Michael W Allen |
| 260 ## - PUBLICATION, DISTRIBUTION, ETC. (IMPRINT) | |
| Place of publication, distribution, etc. | Englewood Cliffs, New Jersey : |
| Name of publisher, distributor, etc. | Prentice-Hall, |
| Date of publication, distribution, etc. | ©1995. |
| 300 ## - PHYSICAL DESCRIPTION | |
| Extent | 1 v. (various paging) |
| Dimensions | 24 cm. |
| 650 #0 - SUBJECT ADDED ENTRY--TOPICAL TERM | |
| 9 (RLIN) | 21622 |
| Topical term or geographic name as entry element | Macromedia Authorware |
| 650 #0 - SUBJECT ADDED ENTRY--TOPICAL TERM | |
| 9 (RLIN) | 21624 |
| Topical term or geographic name as entry element | Multimedia systems |
| 650 #0 - SUBJECT ADDED ENTRY--TOPICAL TERM | |
| 9 (RLIN) | 21625 |
| Topical term or geographic name as entry element | Computer-assisted instruction |
| 365 ## - TRADE PRICE | |
| Price amount | 4,862.00 |
| Currency code | Php |
| 942 ## - ADDED ENTRY ELEMENTS (KOHA) | |
| Source of classification or shelving scheme | Dewey Decimal Classification |
| Koha item type | Circulation |
| Withdrawn status | Lost status | Source of classification or shelving scheme | Damaged status | Not for loan | Collection code | Home library | Current library | Date acquired | Source of acquisition | Cost, normal purchase price | Total Checkouts | Full call number | Barcode | Date last seen | Copy number | Price effective from | Koha item type |
|---|---|---|---|---|---|---|---|---|---|---|---|---|---|---|---|---|---|
| Dewey Decimal Classification | Circulation | UM Digos College - LIC | UM Digos College - LIC | 10/30/1996 | Purchased | 4862.00 | DC 371.334 Al5 1995 | 12191 | 05/15/2025 | 1 | 08/04/2017 | Circulation |
